000 00261nam a22001217a 4500
008 180312b xxu||||| |||| 00| 0 eng d
041 _aeng
080 _a37
100 _a25
101 _aEDU
245 _aTHE EVRYDAY WRITERS
_cANDREA.A.L
942 _2udc
_cBK
999 _c44747
_d44747